Relaciones trabajo-familia y salud en mujeres trabajadoras /
El objetivo general del artículo es estudiar la asociación existente entre las gratificaciones y las interferencias generadas en la relación trabajo-familia y su impacto en la salud de las mujeres trabajadoras
Uloženo v:
| Hlavní autor: | |
|---|---|
| Další autoři: | , , , |
| Médium: | Text |
| Témata: | |
| Tagy: |
Přidat tag
Žádné tagy, Buďte první, kdo vytvoří štítek k tomuto záznamu!
|
MARC
| LEADER | 00000 a a2200000 04500 | ||
|---|---|---|---|
| 001 | 17311 | ||
| 003 | |||
| 040 | |||
| 100 | |a Feldman, Lya | ||
| 245 | |a Relaciones trabajo-familia y salud en mujeres trabajadoras / |c Lya Feldman ; Eleonora Vivas ; Zoraide Lugli ; Joanmir Zaragoza ; Viviola Gómez O. | ||
| 520 | |a El objetivo general del artículo es estudiar la asociación existente entre las gratificaciones y las interferencias generadas en la relación trabajo-familia y su impacto en la salud de las mujeres trabajadoras | ||
| 650 | |a SALUD | ||
| 650 | |a TRABAJO | ||
| 650 | |a FAMILIA | ||
| 650 | |a MUJERES | ||
| 650 | |a VENEZUELA | ||
| 700 | |a Vivas, Eleonora | ||
| 700 | |a Lugli, Zoraide | ||
| 700 | |a Zaragoza, Joanmir | ||
| 700 | |a Gómez O., Viviola | ||
| 773 | |g volumen 50, número 6; páginas 482-489 | ||
| 999 | |c 35610 |d 35610 | ||
